Missa Solemnis (Запис номер 296553)
[ съкратено ]
| 000 -Лидер | |
|---|---|
| Контролно поле с фиксирана дължина | 01376ncm a2200349 c 4500 |
| 003 - Код на организацията, давaща контролен номер | |
| Контролно поле | BLK |
| 005 - Дата и час на последна редакция | |
| Контролно поле | 20250130004035.0 |
| 008 - Елементи от данни с фиксирана дължина | |
| fixed length control field | 180414b bul |a|er|||| |0| c|bulo| |
| 010 ## - Наследен системен номер | |
| LC control number | NOT00000073000 |
| 040 ## - Източник на каталожния запис | |
| Идентификатор на билиотеката - собственик на записа | BLK |
| 041 ## - Код за език | |
| Код за езика на текст/звукозапис или на отделно заглавие | Немски |
| Код за езика КДБФ | Немски |
| 080 ## - УДК | |
| Текстов определител УДК | Меса, Реквием, Магнификат, Те деум. Стабат Матер. Муз. за мъртвите |
| УДК код - определител по УДК | 783.29 |
| УДК - код + определител | 783.29 |
| 100 1# - Редна дума - Автор | |
| Автор | Бетовен, Лудвиг ван |
| Авторска отговорност | първи автор |
| R(LIN) | 38790 |
| 139 ## - Редно поле | |
| Редна дума | Бетовен, Лудвиг ван |
| Авторски знак | Бет - Б 42 |
| 245 10 - Сведения за заглавието | |
| Заглавие | Missa Solemnis |
| Подзаглавни данни | Fur vier solostimmen, Chor und Orchester |
| Редно поле (дума) | Лудвиг ван Бетовен; * Ludwig van Beethoven. |
| Версия | Op.123 |
| 254 ## - Сведения за формата на нотното издание | |
| Формат на описваните ноти | Партитура |
| 257 ## - Страна на издаване | |
| Страна на създаване/издаване | Германия |
| 260 ## - Област на издателските данни | |
| Име на издателя, разпространителя и проч. | Peters 610 |
| Година на издаване | S. a. |
| 300 ## - Физическа характеристика | |
| Страници | 396 с. |
| Размери/Мащаб | 19 см |
| 380 ## - Жанр | |
| Жанр | Изкуство |
| 500 ## - Общи забележки | |
| Забележка | Времетраене на произведението около 90 мин. |
| 650 #7 - Допълнително описание по предмет – тема | |
| Основно описание – тема или топоним | Вокално-инструментални творби |
| Източник на редна или ключова дума | |
| 9 (RLIN) | 151228 |
| 653 ## - Ключова дума – ненормативна | |
| Ключова дума | меса - вокално-инструментална творба |
| 700 1# - Други автори (авторска отговорност) | |
| Лично име | Beethoven, Ludwig van |
| Автороска отговорност (Описва отношението между автора и произведението) | * |
| 9 (RLIN) | 4813 |
| 852 ## - Местоположение | |
| Форматна сигнатура | Цб М 1224 |
| Част | 0 |
| 856 4# - Електронен адрес и достъп | |
| Електронен формат | pdf - файл |
| Път до файла /url/ | |
| 856 4# - Електронен адрес и достъп | |
| Електронен формат | pdf - файл |
| Път до файла /url/ | |
| 999 ## - СИСТЕМНИ КОНТРОЛНИ НОМЕРА | |
| Koha biblionumber | 296553 |
| Koha biblioitemnumber | 296553 |
| 942 ## - АРТИКУЛИ | |
| Вид на библиотечния материал | Нотни издания |
| Скрит в OPAC | Не |
| Периодичен библиозапис | Да |
| 944 ## - СЪЗДАВАНЕ И РЕДАКЦИЯ на ЗАПИСА | |
| Създаване/Редакция | Създаване |
| Дата на регистрацията/редакция | 25.08.2003 |
| Служител, извършил регистрацията/редакцията | |
| Статус, дата на статуса | CRON CRON |
| 944 ## - СЪЗДАВАНЕ И РЕДАКЦИЯ на ЗАПИСА | |
| Създаване/Редакция | Редакция |
| Дата на регистрацията/редакция | 13.09.2017 |
| Служител, извършил регистрацията/редакцията | Ирена_Линкова |
| 999 ## - СИСТЕМНИ КОНТРОЛНИ НОМЕРА | |
| Koha biblioitemnumber | 296553 |
| Код за отписване | Код за изгубен артикул | Източник на класификационната схема | Код за повреда | Коз за рестрикции | Код за отдаване | Артикулен № | Име на библиотеката - собственик | Име на библиотеката, в която се намира в момента | Статус (Текущо местоположение) | Дата на вписване в системата | Местоположение - отдел | Цена в лева | Инвентарен номер | Систематично азбучна сигнатура | Баркод | Номер на екземпляра | Цена в евро | Служебна бележка | Служебен тип на артикула |
|---|---|---|---|---|---|---|---|---|---|---|---|---|---|---|---|---|---|---|---|
| Не е изгубен | Universal Decimal Classification | Не е повреден | само за читалня | ползва се в читалня | 646907 | Регионална библиотека "Любен Каравелов" Русе | Регионална библиотека "Любен Каравелов" Русе | Хранилище | 1972-01-01 | Основен фонд - ползва се само за читалня | 3.00 | 188837 | Цб М 1224 | 120000188837 | 1 | 1.53 | Вид: Ф N: стар фонд Дата: 01.01.1972 | Нотни издания | |
| Изтеглен | Не е изгубен | Universal Decimal Classification | Не е повреден | без рестрикции | ползва се в читалня | 646908 | Регионална библиотека "Любен Каравелов" Русе | Регионална библиотека "Любен Каравелов" Русе | Основен фонд - ползва се само за читалня | 1995-01-01 | Хранилище | 3.00 | 2034 | Цб М 1224 | 2034 | 2 | 1.53 | Вид: Ф N: стар фонд Дата: 01.01.1995 | Нотни издания |
| Не е изгубен | Universal Decimal Classification | Не е повреден | само за читалня | ползва се в читалня | 729959 | Регионална библиотека "Любен Каравелов" Русе | Регионална библиотека "Любен Каравелов" Русе | Хранилище | 2019-07-11 | Основен фонд - ползва се само за читалня | 8.00 | 170000004398 | Цб М 1224 | 170000004398 | 4.09 | Нотни издания |